Países com Reivindicações Territoriais na Antártida - Statistics

Estatísticas Gerais
  • Esse quiz foi jogado 3 249 vezes
  • A pontuação média é 5 de 7
Estatísticas das Respostas
País % Correto
Argentina
89%
Austrália
83%
Chile
82%
Reino Unido
80%
França
73%
Nova Zelândia
72%
Noruega
51%
Nenhum quiz correspondente encontrado
Distribuição das Pontuações
Porcentagem de Pessoas com Cada Pontuação
Percentil de Números Respondidos
Sua Pontuação Histórica
Você não jogou esse quiz